书目信息 |
| 题名: |
一江五国游
|
|
| 作者: | 李志雄 , 许云华 著 | |
| 分册: | ||
| 出版信息: | 昆明 云南人民出版社 2006.01 |
|
| 页数: | 223页 | |
| 开本: | 19cm | |
| 丛书名: | ||
| 单 册: | ||
| 中图分类: | K933.09 | |
| 科图分类: | ||
| 主题词: | 导游--dao you--东南亚 | |
| 电子资源: | ||
| ISBN: | 7-222-04572-4 | |
| 000 | 00786nam0 2200241 450 | |
| 001 | 012007219753 | |
| 005 | 20071108175118.03 | |
| 010 | @a7-222-04572-4@dCNY25.00 | |
| 100 | @a20071108d2006 km y0chiy0120 ea | |
| 101 | 0 | @achi |
| 102 | @aCN@b530000 | |
| 105 | @aab z 000yy | |
| 106 | @ar | |
| 200 | 1 | @a一江五国游@Ayi jiang wu guo you@f李志雄, 许云华著@Fli zhi xiong,xu yun hua zhu |
| 210 | @a昆明@c云南人民出版社@d2006.01 | |
| 215 | @a223页@c图, 地图@d19cm | |
| 330 | @a本书对老挝、越南、柬埔寨、泰国、缅甸五个国家的概况、风景名胜、人文·风俗、旅游住宿等内容进行了描述。 | |
| 606 | 0 | @a导游@Adao you@y东南亚 |
| 690 | @aK933.09@v4 | |
| 701 | 0 | @a李志雄@Ali zhi xiong@4著 |
| 701 | 0 | @a许云华@Axu yun hua@4著 |
| 801 | 0 | @aCN@b@c20071108 |
| 905 | @b264798-800@dK933.09@eL337@f3 | |
| 一江五国游/李志雄, 许云华著.-昆明:云南人民出版社,2006.01 |
| 223页:图, 地图;19cm |
| ISBN 7-222-04572-4:CNY25.00 |
| 本书对老挝、越南、柬埔寨、泰国、缅甸五个国家的概况、风景名胜、人文·风俗、旅游住宿等内容进行了描述。 |
| ● |
| 相关链接 |
|
|
|
正题名:一江五国游
索取号:K933.09/L337
 
预约/预借
| 序号 | 登录号 | 条形码 | 馆藏地/架位号 | 状态 | 备注 |
| 1 | 264798 | 202647984 | 社科库309/309社科库 26排1列2层/ [索取号:K933.09/L337] | 在馆 | |
| 2 | 264799 | 202647993 | 社科库309/309社科库 26排1列2层/ [索取号:K933.09/L337] | 在馆 | |
| 3 | 264800 | 202648000 | 社科库309/309社科库 26排1列2层/ [索取号:K933.09/L337] | 在馆 |